000 00429nam a2200181Ia 4500
008 210210b1935 xxu||||| |||| 00| 0 eng d
041 _aeng
082 _a425/12
100 _aANDERSON
245 _aOld English handbook
260 _aLondon
_bGeorge G Harrap and Company Limited
_c1935
650 _aOld
650 _ahandbook
650 _aEnglish
690 _aEnglish Grammar
700 _aWILLIAMS
906 _a005788
999 _c128789
_d128789